Countries Foo Fighters have Visited - Statistics

General Stats
  • This quiz has been taken 32 times
    11 since last reset
  • The average score is 34 of 40
Answer Stats
Continent Country % Correct
South America Argentina
100%
Oceania Australia
100%
Europe Austria
100%
Europe Belgium
100%
South America Brazil
100%
North America Canada
100%
South America Colombia
100%
Europe Croatia
100%
Europe Czech Republic
100%
Europe France
100%
Europe Germany
100%
Europe Greece
100%
Europe Hungary
100%
Asia Japan
100%
North America Mexico
100%
Europe Netherlands
100%
Europe Poland
100%
Europe Switzerland
100%
Europe United Kingdom
100%
North America United States of America
100%
South America Chile
83%
Europe Denmark
83%
Asia Indonesia
83%
Europe Ireland
83%
Europe Italy
83%
Oceania New Zealand
83%
Europe Portugal
83%
Africa South Africa
83%
Europe Spain
83%
Asia Thailand
83%
North America Costa Rica
67%
Europe Finland
67%
Eurppe Iceland
67%
Europe Norway
67%
Europe Sweden
67%
Europe Latvia
50%
South America Paraguay
50%
Asia Singapore
50%
Asia South Korea
50%
Asia United Arab Emirates
33%
No matching quizzes found
Score Distribution
Percent of People with Each Score
Percentile by Number Answered
Your Score History
You have not taken this quiz since the last reset